<?xml version="1.0" encoding="UTF-8"?>
<record
    xmlns:xsi="http://www.w3.org/2001/XMLSchema-instance"
    xsi:schemaLocation="http://www.loc.gov/MARC21/slim http://www.loc.gov/standards/marcxml/schema/MARC21slim.xsd"
    xmlns="http://www.loc.gov/MARC21/slim">

  <leader>01562nam a22002657a 4500</leader>
  <controlfield tag="003">Uzh_bibl</controlfield>
  <controlfield tag="008">260326b        |||||||| |||| 00| 0 ukr d</controlfield>
  <datafield tag="020" ind1=" " ind2=" ">
    <subfield code="a">-</subfield>
    <subfield code="c">4.00</subfield>
  </datafield>
  <datafield tag="040" ind1=" " ind2=" ">
    <subfield code="b">&#x443;&#x43A;&#x440;.</subfield>
  </datafield>
  <datafield tag="041" ind1=" " ind2=" ">
    <subfield code="2">ukr</subfield>
    <subfield code="a">ukr</subfield>
  </datafield>
  <datafield tag="080" ind1=" " ind2=" ">
    <subfield code="a">347.63</subfield>
  </datafield>
  <datafield tag="090" ind1=" " ind2=" ">
    <subfield code="a">347.63</subfield>
    <subfield code="b">&#x41C;14</subfield>
  </datafield>
  <datafield tag="100" ind1=" " ind2=" ">
    <subfield code="a">&#x41C;&#x430;&#x439;&#x43E;&#x440;, &#x41D;&#x430;&#x434;&#x456;&#x44F;</subfield>
  </datafield>
  <datafield tag="245" ind1=" " ind2=" ">
    <subfield code="a">&#x414;&#x456;&#x442;&#x44F;&#x43C; &#x43F;&#x440;&#x43E; &#x457;&#x445;&#x43D;&#x456; &#x43F;&#x440;&#x430;&#x432;&#x430;</subfield>
    <subfield code="c">&#x420;&#x435;&#x446;&#x435;&#x43D;.&#x41C;&#x430;&#x440;&#x443;&#x441;&#x438;&#x43D;&#x435;&#x446;&#x44C; &#x41C;.&#x41C;.,&#x421;&#x438;&#x432;&#x43E;&#x445;&#x43E;&#x43F; &#x42F;.&#x41C;., &#x422;&#x443;&#x43B;&#x430;&#x439; &#x41E;.&#x42E;.</subfield>
    <subfield code="h">&#x422;&#x435;&#x43A;&#x441;&#x442;</subfield>
  </datafield>
  <datafield tag="260" ind1=" " ind2=" ">
    <subfield code="a">&#x423;&#x436;&#x433;&#x43E;&#x440;&#x43E;&#x434;</subfield>
    <subfield code="b">-</subfield>
    <subfield code="c">2005</subfield>
  </datafield>
  <datafield tag="300" ind1=" " ind2=" ">
    <subfield code="a">84 &#x441;.</subfield>
    <subfield code="b">&#x456;&#x43B;.</subfield>
  </datafield>
  <datafield tag="520" ind1=" " ind2=" ">
    <subfield code="a">&#x423; &#x43C;&#x435;&#x442;&#x43E;&#x434;&#x438;&#x447;&#x43D;&#x43E;&#x43C;&#x443; &#x43F;&#x43E;&#x441;&#x456;&#x431;&#x43D;&#x438;&#x43A;&#x443; &#x440;&#x43E;&#x437;&#x433;&#x43B;&#x44F;&#x434;&#x430;&#x44E;&#x442;&#x44C;&#x441;&#x44F; &#x43F;&#x438;&#x442;&#x430;&#x43D;&#x43D;&#x44F; &#x444;&#x43E;&#x440;&#x43C;&#x443;&#x432;&#x430;&#x43D;&#x43D;&#x44F; &#x443; &#x434;&#x456;&#x442;&#x435;&#x439; &#x434;&#x43E;&#x448;&#x43A;&#x456;&#x43B;&#x44C;&#x43D;&#x43E;&#x433;&#x43E; &#x442;&#x430; &#x43C;&#x43E;&#x43B;&#x43E;&#x434;&#x448;&#x43E;&#x433;&#x43E; &#x448;&#x43A;&#x456;&#x43B;&#x44C;&#x43D;&#x43E;&#x433;&#x43E; &#x432;&#x456;&#x43A;&#x443; &#x43F;&#x43E;&#x447;&#x430;&#x442;&#x43A;&#x43E;&#x432;&#x438;&#x445; &#x443;&#x44F;&#x432;&#x43B;&#x435;&#x43D;&#x44C; &#x43F;&#x440;&#x43E; &#x43F;&#x440;&#x430;&#x432;&#x430; &#x434;&#x438;&#x442;&#x438;&#x43D;&#x438;.
  &#x41F;&#x43E;&#x434;&#x430;&#x43D;&#x43E; &#x43E;&#x440;&#x456;&#x454;&#x43D;&#x442;&#x43E;&#x432;&#x430;&#x43D;&#x456; &#x43A;&#x43E;&#x43D;&#x441;&#x43F;&#x435;&#x43A;&#x442;&#x438; &#x437;&#x430;&#x43D;&#x44F;&#x442;&#x44C;, &#x44F;&#x43A;&#x456; &#x43C;&#x43E;&#x436;&#x443;&#x442;&#x44C; &#x431;&#x443;&#x442;&#x438; &#x442;&#x432;&#x43E;&#x440;&#x447;&#x43E; &#x432;&#x438;&#x43A;&#x43E;&#x440;&#x438;&#x441;&#x442;&#x430;&#x43D;&#x456; &#x43F;&#x435;&#x434;&#x430;&#x433;&#x43E;&#x433;&#x430;&#x43C;&#x438; &#x443; &#x440;&#x43E;&#x431;&#x43E;&#x442;&#x456; &#x437; &#x434;&#x456;&#x442;&#x44C;&#x43C;&#x438;. &#x414;&#x43B;&#x44F; &#x43F;&#x435;&#x434;&#x430;&#x433;&#x43E;&#x433;&#x456;&#x447;&#x43D;&#x438;&#x445; &#x43F;&#x440;&#x430;&#x446;&#x456;&#x432;&#x43D;&#x438;&#x43A;&#x456;&#x432; &#x434;&#x43E;&#x448;&#x43A;&#x456;&#x43B;&#x44C;&#x43D;&#x438;&#x445; &#x43D;&#x430;&#x432;&#x447;&#x430;&#x43B;&#x44C;&#x43D;&#x438;&#x445; &#x437;&#x430;&#x43A;&#x43B;&#x430;&#x434;&#x456;&#x432;, &#x432;&#x447;&#x438;&#x442;&#x435;&#x43B;&#x456;&#x432; &#x43F;&#x43E;&#x447;&#x430;&#x442;&#x43A;&#x43E;&#x432;&#x438;&#x445; &#x43A;&#x43B;&#x430;&#x441;&#x456;&#x432;.</subfield>
  </datafield>
  <datafield tag="521" ind1=" " ind2=" ">
    <subfield code="a">&#x414;&#x43B;&#x44F; &#x448;&#x438;&#x440;&#x43E;&#x43A;&#x43E;&#x433;&#x43E; &#x43A;&#x43E;&#x43B;&#x430; &#x447;&#x438;&#x442;&#x430;&#x447;&#x456;&#x432;</subfield>
  </datafield>
  <datafield tag="546" ind1=" " ind2=" ">
    <subfield code="a">&#x443;&#x43A;&#x440;.</subfield>
  </datafield>
  <datafield tag="650" ind1=" " ind2=" ">
    <subfield code="a">&#x41A;&#x440;&#x430;&#x454;&#x437;&#x43D;&#x430;&#x432;&#x447;&#x430; &#x43B;&#x456;&#x442;&#x435;&#x440;&#x430;&#x442;&#x443;&#x440;&#x430;</subfield>
  </datafield>
  <datafield tag="653" ind1=" " ind2=" ">
    <subfield code="a">&#x41E;&#x440;&#x456;&#x454;&#x43D;&#x442;&#x43E;&#x432;&#x430;&#x43D;&#x456; &#x43A;&#x43E;&#x43D;&#x441;&#x43F;&#x435;&#x43A;&#x442;&#x438; &#x437;&#x430;&#x43D;&#x44F;&#x442;&#x44C;, &#x440;&#x43E;&#x437;&#x432;&#x430;&#x433;</subfield>
    <subfield code="a">&#x41D;&#x43E;&#x432;&#x430; &#x43A;&#x430;&#x437;&#x43A;&#x430; &#x43F;&#x440;&#x43E; &#x43A;&#x43E;&#x43B;&#x43E;&#x431;&#x43A;&#x430;</subfield>
    <subfield code="a">&#x41C;&#x456;&#x439; &#x434;&#x456;&#x43C; - &#x43C;&#x43E;&#x44F; &#x444;&#x43E;&#x440;&#x442;&#x435;&#x446;&#x44F;</subfield>
  </datafield>
  <datafield tag="655" ind1=" " ind2=" ">
    <subfield code="v">&#x41F;&#x43E;&#x441;&#x456;&#x431;&#x43D;&#x438;&#x43A;</subfield>
  </datafield>
  <datafield tag="700" ind1=" " ind2=" ">
    <subfield code="a">&#x427;&#x430;&#x432;&#x430;&#x440;&#x433;&#x430;, &#x41E;&#x43B;&#x44C;&#x433;&#x430;</subfield>
  </datafield>
  <datafield tag="942" ind1=" " ind2=" ">
    <subfield code="2">udc</subfield>
    <subfield code="c">BK</subfield>
  </datafield>
  <datafield tag="999" ind1=" " ind2=" ">
    <subfield code="c">17205</subfield>
    <subfield code="d">17205</subfield>
  </datafield>
  <datafield tag="952" ind1=" " ind2=" ">
    <subfield code="0">0</subfield>
    <subfield code="1">0</subfield>
    <subfield code="2">udc</subfield>
    <subfield code="4">0</subfield>
    <subfield code="7">0</subfield>
    <subfield code="a">F2</subfield>
    <subfield code="b">F2</subfield>
    <subfield code="c">CHP</subfield>
    <subfield code="d">2026-03-26</subfield>
    <subfield code="i">61473</subfield>
    <subfield code="o">347.63</subfield>
    <subfield code="p">19638</subfield>
    <subfield code="r">2026-03-26</subfield>
    <subfield code="w">2026-03-26</subfield>
    <subfield code="y">BK</subfield>
  </datafield>
</record>
